| 000 | 01289nam a22003377a 4500 | ||
|---|---|---|---|
| 003 | CHAP | ||
| 005 | 20220329134709.0 | ||
| 008 | 971013s1984 r 00010 d | ||
| 010 | _a24350 | ||
| 011 | _a25322 | ||
| 035 | _a29422 | ||
| 040 | _cCHAP | ||
| 082 |
_a636.2084 _bI5Y 1981 |
||
| 110 |
_aInstitut National de la Recherche Agronomique. Paris _959005 |
||
| 245 |
_aAlimentación práctica de bovinos _b: nuevas recomendaciones del INRA para formular raciones |
||
| 260 |
_aMadrid : _bMundi-Prensa, _c1984 |
||
| 300 | _a172 p | ||
| 500 | _aTrad. de la 2 ed. en Francés de 1981 | ||
| 590 |
_aBATCH-UPD _b10 _c20130110 _lUCH01 _h1726 |
||
| 590 |
_aBATCH-UPD _b10 _c20130410 _lUCH01 _h1108 |
||
| 590 |
_aBATCH-UPD _b10 _c20130914 _lUCH01 _h1430 |
||
| 590 |
_aCONVERSION _b10 _c20130109 _lUCH01 _h1314 |
||
| 650 | 1 | 4 |
_aForrajes _xValor nutritivo. _942601 |
| 650 | 1 | 4 |
_aGanado vacuno _xAlimentación. _945429 |
| 700 | 0 |
_aFraga Fernández Cuevas, María de Jesús. _942841 |
|
| 901 | _aBK | ||
| 942 | _cLIBRO | ||
| 949 |
_a636.2084 I5Y 1981 _bBC _cLIBRO _d33724000096541 _eLIBRO _fc.3 _h63153 _i29422 _si _t3.68 |
||
| 949 |
_a636.2084 I5Y 1981 _bBC _cLIBRO _d33724000096558 _eLIBRO _h63151 _i29422 _si _t3.68 |
||
| 949 |
_a636.2084 I5Y 1981 _bBC _cLIBRO _d33724000096566 _eLIBRO _fc.2 _h63152 _i29422 _si _t3.68 |
||
| 999 |
_c24350 _d24350 |
||